The master's plan for making disciples : (Record no. 9981)
[ view plain ]
| 000 -LEADER | |
|---|---|
| fixed length control field | 01245pam a2200325 i 4500 |
| 001 - CONTROL NUMBER | |
| control field | 37712891 |
| 003 - CONTROL NUMBER IDENTIFIER | |
| control field | OCoLC |
| 005 - DATE AND TIME OF LATEST TRANSACTION | |
| control field | 20241126110722.0 |
| 008 - FIXED-LENGTH DATA ELEMENTS--GENERAL INFORMATION | |
| fixed length control field | 970917s1998 miua b 000 0 eng |
| 010 ## - | |
| -- | 97035109 |
| 020 ## - INTERNATIONAL STANDARD BOOK NUMBER | |
| International Standard Book Number | 0801090512 (pbk.) |
| 040 ## - CATALOGING SOURCE | |
| Original cataloging agency | DLC |
| Language of cataloging | eng |
| Description conventions | rda |
| Transcribing agency | DLC |
| Modifying agency | MAL |
| 050 00 - | |
| -- | BV3790 |
| -- | .A736 1998 |
| 082 00 - DEWEY DECIMAL CLASSIFICATION NUMBER | |
| Classification number | 269.2 |
| Edition information | 21 |
| Item number | ARN |
| 092 ## - LOCALLY ASSIGNED DEWEY CALL NUMBER (OCLC) | |
| Classification number | 269.2 |
| Item number | Ar6m2 |
| 100 1# - MAIN ENTRY--PERSONAL NAME | |
| Personal name | Arn, Win. |
| Authority record control number or standard number | https://id.loc.gov/authorities/names/n81028201 |
| 9 (RLIN) | 17366 |
| 245 14 - TITLE STATEMENT | |
| Title | The master's plan for making disciples : |
| Remainder of title | every Christian an effective witness through an enabling church / |
| Statement of responsibility, etc. | Win Arn and Charles Arn. |
| 250 ## - EDITION STATEMENT | |
| Edition statement | Second edition. |
| 264 #1 - PRODUCTION, PUBLICATION, DISTRIBUTION, MANUFACTURE, AND COPYRIGHT NOTICE | |
| Place of production, publication, distribution, manufacture | Grand Rapids, Mich. : |
| Name of producer, publisher, distributor, manufacturer | Baker Books, |
| Date of production, publication, distribution, manufacture, or copyright notice | [1998] |
| 264 #4 - PRODUCTION, PUBLICATION, DISTRIBUTION, MANUFACTURE, AND COPYRIGHT NOTICE | |
| Date of production, publication, distribution, manufacture, or copyright notice | ℗♭1998 |
| 300 ## - PHYSICAL DESCRIPTION | |
| Extent | 175 pages : |
| Other physical details | illustrations ; |
| Dimensions | 22 cm |
| 336 ## - CONTENT TYPE | |
| Content type term | text |
| Content type code | txt |
| Source | rdacontent |
| 337 ## - MEDIA TYPE | |
| Media type term | unmediated |
| Media type code | n |
| Source | rdamedia |
| 338 ## - CARRIER TYPE | |
| Carrier type term | volume |
| Carrier type code | nc |
| Source | rdacarrier |
| 504 ## - BIBLIOGRAPHY, ETC. NOTE | |
| Bibliography, etc. note | Includes bibliographical references (p. 173-175). |
| 650 #0 - SUBJECT ADDED ENTRY--TOPICAL TERM | |
| Topical term or geographic name entry element | Evangelistic work. |
| Authority record control number or standard number | https://id.loc.gov/authorities/subjects/sh85045940 |
| 9 (RLIN) | 290 |
| 650 #0 - SUBJECT ADDED ENTRY--TOPICAL TERM | |
| Topical term or geographic name entry element | Church growth. |
| Authority record control number or standard number | https://id.loc.gov/authorities/subjects/sh85025616 |
| 9 (RLIN) | 291 |
| 700 1# - ADDED ENTRY--PERSONAL NAME | |
| Personal name | Arn, Charles. |
| Authority record control number or standard number | https://id.loc.gov/authorities/names/n88298822 |
| 9 (RLIN) | 17367 |
| 942 ## - ADDED ENTRY ELEMENTS (KOHA) | |
| Source of classification or shelving scheme | Dewey Decimal Classification |
| Koha item type | Books |
| Koha issues (borrowed), all copies | 1 |
| Withdrawn status | Lost status | Source of classification or shelving scheme | Damaged status | Not for loan | Home library | Current Library | Shelving location | Date acquired | Total checkouts | Full call number | Barcode | Date last seen | Date last checked out | Copy number | Price effective from | Koha item type |
|---|---|---|---|---|---|---|---|---|---|---|---|---|---|---|---|---|
| Dewey Decimal Classification | GRACE BIBLE COLLEGE | GRACE BIBLE COLLEGE | Ministry & Mission | 2023-11-21 | 3 | 269.2 ARN | 020648 | 2025-09-25 | 2025-09-24 | c.1 | 2023-11-21 | Books |